000 00796cem a22002055a 4500
001 L140326
008 070918r19851664xr a 0 feng u
035 _a(Sirsi) u140326
041 0 _alat
100 1 _aComenio, I. A.
245 0 0 _aMoraviae nova et post omnes priores accuratis sima delineatio
_h[cartographic material]
250 _aFacsim.
255 _aScale ca. 1:98667
260 _aS.l.
_bs.n.
_c1985
300 _a1 map
_bcloth
_c42 x 51 cm.
500 _aItem is a reproduction of the original map by I. A. Comenio from 1664. Printed below the map is the statement 'From Czechoslovak delegation, sixth Congress of the ISM, September 1985'.
651 4 _aCzech Republic
690 _aENVIRONMENTAL AND LAND CONSULTANCY-GEOMATICS-MAPPING AND POSITIONING-CARTOGRAPHY
942 _n0
999 _c116835
_d116835